[Event "CAPA 7/I/24 email"]
[Site "Argentina"]
[Date "2001.??.??"]
[Round "1"]
[White "Vergili, Ricardo Pedro"]
[Black "Novoa, Ruben Fernando"]
[Result "1-0"]
[WhiteElo "2205"]
[BlackElo "2030"]
[PlyCount "99"]
[EventDate "2001.??.??"]
[EventType "tourn (corr)"]
[EventRounds "6"]
[EventCountry "ARG"]
[SourceTitle "Corr 2002"]
[Source "ChessBase"]
[SourceDate "2002.05.23"]
[SourceVersion "1"]
[SourceVersionDate "2002.05.23"]
[SourceQuality "1"]

1. d4 Nf6 2. Bg5 c5 3. Bxf6 gxf6 4. d5 Qb6 5. Qc1 f5 6. g3 Bg7 7. c3 Na6 8. Bg2 h5 9. Qc2 h4 10. Nh3 d6 11. Nd2 Nc7 12. Nc4 Qa6 13. Ne3 e6 14. dxe6 fxe6 15. g4 Bd7 16. gxf5 0-0-0 17. Ng5 Rhf8 18. fxe6 Nxe6 19. Nxe6 Bxe6 20. Qg6 Bf6 21. Nd5 Bxd5 22. Bxd5 Rde8 23. e3 Qa4 24. Rg1 Be5 25. Qg4+ Qxg4 26. Rxg4 Bxh2 27. Ke2 Rf5 28. Rd1 Re7 29. Rxh4 Be5 30. e4 Bf6 31. Rg4 Kc7 32. f4 Rh5 33. Rg6 Bh8 34. Rd2 Reh7 35. Kd3 b5 36. Rg8 a5 37. a3 Rh3+ 38. Kc2 R7h4 39. Rf8 Rh2 40. f5 Rxd2+ 41. Kxd2 Rh2+ 42. Ke3 Be5 43. f6 Rxb2 44. f7 Bg7 45. Rg8 Bh6+ 46. Kf3 c4 47. Be6 Kb6 48. Bxc4 Rc2 49. Bd5 Rxc3+ 50. Kg4 1-0

[Event "CAPA 7/I/19 email"]
[Site "Argentina"]
[Date "2000.??.??"]
[Round "3"]
[White "Huerga, Jorge Hugo"]
[Black "Vergili, Ricardo Pedro"]
[Result "1/2-1/2"]
[WhiteElo "1970"]
[BlackElo "2205"]
[PlyCount "44"]
[EventDate "2000.??.??"]
[EventType "tourn (corr)"]
[EventRounds "6"]
[EventCountry "ARG"]
[SourceTitle "Corr 2002"]
[Source "ChessBase"]
[SourceDate "2002.05.23"]
[SourceVersion "1"]
[SourceVersionDate "2002.05.23"]
[SourceQuality "1"]

1. c4 e5 2. Nc3 Nf6 3. g3 d5 4. cxd5 Nxd5 5. Bg2 Nb6 6. Nh3 Be7 7. 0-0 Nc6 8. f4 Bxh3 9. Bxh3 exf4 10. Rxf4 0-0 11. d3 Bg5 12. Rf2 Rb8 13. Bxg5 Qxg5 14. Qc1 Qe5 15. Qf4 Qxf4 16. Rxf4 Ne7 17. Raf1 Nbd5 18. Nxd5 Nxd5 19. Re4 Rfe8 20. Rc1 c6 21. Rxe8+ Rxe8 22. Kf2 f5 1/2-1/2

[Event "EM/7/I/15 email"]
[Site "CAPA email"]
[Date "2000.??.??"]
[Round "2"]
[White "Vergili, Ricardo Pedro"]
[Black "Dominguez, Carlos Isaias"]
[Result "1/2-1/2"]
[WhiteElo "2159"]
[BlackElo "2174"]
[PlyCount "70"]
[EventDate "2000.04.01"]
[EventType "swiss (corr)"]
[EventRounds "5"]
[SourceTitle "Corr 2002"]
[Source "ChessBase"]
[SourceDate "2002.05.23"]
[SourceVersion "1"]
[SourceVersionDate "2002.05.23"]
[SourceQuality "1"]

1. e4 e5 2. Nf3 Nf6 3. Nxe5 d6 4. Nf3 Nxe4 5. c4 Nc6 6. Be2 Be7 7. 0-0 0-0 8. d4 Bf6 9. Nc3 Nxc3 10. bxc3 Na5 11. Be3 Bf5 12. Bd3 Qd7 13. Qc2 Bxd3 14. Qxd3 b6 15. Bg5 Bxg5 16. Nxg5 g6 17. Rfe1 Rae8 18. Ne4 f5 19. Nd2 Rxe1+ 20. Rxe1 Re8 21. Re3 Kf8 22. Nf1 Rxe3 23. Nxe3 Qa4 24. Qe2 Qe8 25. h4 Qe4 26. g3 Kf7 27. f3 Qe7 28. Qd2 c6 29. h5 Qg5 30. hxg6+ hxg6 31. Kf2 f4 32. gxf4 Qxf4 33. Ke2 c5 34. Nf1 Qf5 35. Qd3 Qh3 1/2-1/2

[Event "CAPA 7/I/19 email"]
[Site "Argentina"]
[Date "2000.??.??"]
[Round "5"]
[White "Zattera, Juan Italo"]
[Black "Vergili, Ricardo Pedro"]
[Result "0-1"]
[WhiteElo "2300"]
[BlackElo "2205"]
[PlyCount "70"]
[EventDate "2000.??.??"]
[EventType "tourn (corr)"]
[EventRounds "6"]
[EventCountry "ARG"]
[SourceTitle "Corr 2002"]
[Source "ChessBase"]
[SourceDate "2002.05.23"]
[SourceVersion "1"]
[SourceVersionDate "2002.05.23"]
[SourceQuality "1"]

1. d4 d5 2. c4 c6 3. Nf3 Nf6 4. cxd5 cxd5 5. Nc3 Nc6 6. Bf4 a6 7. Qb3 Na5 8. Qc2 g6 9. e3 Bg7 10. Bd3 Be6 11. 0-0 Nc6 12. Qb3 Na5 13. Qb4 Nh5 14. Bg5 h6 15. Bh4 g5 16. Bg3 Nxg3 17. hxg3 Bd7 18. Na4 Nc6 19. Qb3 Na5 20. Qd1 b6 21. Nc3 Bg4 22. Qc2 Bxf3 23. gxf3 e6 24. Rfc1 h5 25. Na4 b5 26. Nc5 h4 27. Nxa6 Nc4 28. Qb3 hxg3 29. Qxb5+ Kf8 30. Bxc4 Qf6 31. f4 gxf4 32. Qc6 Rd8 33. Bxd5 fxe3 34. Bf3 Rh1+ 35. Kg2 Rh2+ 0-1

[Event "EM/7/I/11 corr"]
[Site "CAPA email"]
[Date "1999.??.??"]
[Round "6"]
[White "Vergili, Ricardo Pedro"]
[Black "Albornoz, Nelson"]
[Result "1-0"]
[WhiteElo "2153"]
[BlackElo "2116"]
[PlyCount "99"]
[EventDate "1999.08.16"]
[EventType "tourn (corr)"]
[EventRounds "6"]
[EventCountry "ARG"]
[SourceTitle "Corr 2002"]
[Source "ChessBase"]
[SourceDate "2002.05.23"]
[SourceVersion "1"]
[SourceVersionDate "2002.05.23"]
[SourceQuality "1"]

1. e4 e5 2. Nf3 Nc6 3. Bb5 a6 4. Ba4 Nf6 5. 0-0 b5 6. Bb3 Bc5 7. a4 Rb8 8. axb5 axb5 9. c3 d6 10. d4 Bb6 11. Na3 exd4 12. cxd4 h6 13. Nxb5 0-0 14. Qc2 Bb7 15. e5 Ne8 16. Qe2 dxe5 17. dxe5 Qe7 18. Bf4 Bc8 19. Qe4 Qb4 20. Bc2 Qxe4 21. Bxe4 Nd8 22. Nc3 Ne6 23. Bd2 Nc5 24. Bc2 Bb7 25. Rfd1 Bxf3 26. gxf3 Ne6 27. f4 g6 28. Nd5 Bd4 29. f5 Rxb2 30. Bxh6 gxf5 31. Rac1 Bxe5 32. Ne7+ Kh7 33. Bxf8 Nxf8 34. Rd8 Ng6 35. Nxg6 fxg6 36. Rxe8 Bf4 37. Ree1 Bxc1 38. Rxc1 Kh6 39. Ba4 Rb4 40. Bd7 Rg4+ 41. Kf1 Rh4 42. Kg2 Rg4+ 43. Kf3 Kg5 44. h3 Rh4 45. Kg3 Re4 46. Rc6 Rd4 47. Be8 Rd6 48. Rxd6 cxd6 49. Bc6 Kh6 50. h4 1-0

[Event "EM/7/I/09 corr"]
[Site "CAPA email"]
[Date "1999.??.??"]
[Round "6"]
[White "Vergili, Ricardo Pedro"]
[Black "Dominguez, Carlos Isaias"]
[Result "1/2-1/2"]
[WhiteElo "2116"]
[BlackElo "2173"]
[PlyCount "61"]
[EventDate "1999.04.16"]
[EventType "tourn (corr)"]
[EventRounds "6"]
[EventCountry "ARG"]
[SourceTitle "Corr 2002"]
[Source "ChessBase"]
[SourceDate "2002.05.23"]
[SourceVersion "1"]
[SourceVersionDate "2002.05.23"]
[SourceQuality "1"]

1. d4 Nf6 2. c4 g6 3. Nc3 d5 4. cxd5 Nxd5 5. e4 Nxc3 6. bxc3 Bg7 7. Nf3 c5 8. Rb1 0-0 9. Be2 Nd7 10. 0-0 Nf6 11. Bd3 Qc7 12. Qe2 Rd8 13. Rd1 Bg4 14. Be3 Nh5 15. e5 Qc6 16. dxc5 Rab8 17. Bb5 Rxd1+ 18. Qxd1 Bxf3 19. gxf3 Qe6 20. f4 Qxa2 21. Ra1 Qb2 22. Be2 Bh6 23. Bxh5 gxh5 24. Rxa7 Qxc3 25. Qxh5 Qe1+ 26. Kg2 Kh8 27. Qf3 Rg8+ 28. Kh3 f5 29. exf6 Qb1 30. Kh4 Qf5 31. f7 1/2-1/2